| 000 | 00578cam a22002291 4500 | ||
|---|---|---|---|
| 001 | sa 67000018 | ||
| 003 | DLC | ||
| 005 | 20260227112311.0 | ||
| 008 | 890719s1966 ii b 000 0 malo | ||
| 010 | _asa 67000018 | ||
| 035 | _a(OCoLC)20036805 | ||
| 040 |
_aDLC _cWaU _dDLC |
||
| 042 | _apremarc | ||
| 050 | 0 | 0 |
_aPN6409.M3 _bK3 |
| 100 | 1 | _aKartha, P. C. | |
| 245 | 1 | 0 | _aPal̲añcolpr̲apañcaṃ. |
| 260 |
_a[Chittur? Kerala, _c1966] |
||
| 300 |
_axix, 754, [2], iii p. _c22 cm. |
||
| 500 | _aIn Malayalam. | ||
| 504 | _aBibliography: p. [755] | ||
| 650 | 0 | _aProverbs. | |
| 999 |
_c71694 _d71694 |
||